000
00268 a2200121 4500
001
63641
082
_a
629.45 HIL
090
_c
37639
_d
37639
100
_a
Hilton W.F
245
_a
Manned Satellites
_h
English
260
_a
NY
_b
Harper & Row
_c
1965
300
_b
139p
942
_a
NUST-CAE
_k
629.45 HIL
999
_c
298714
_d
298714